Invertebrates by Picture #1 - Statistics

General Stats
  • This quiz has been taken 80 times
    43 since last reset
  • The average score is 13 of 16
Answer Stats
Picture Answer % Correct
Sea Star
100%
Jellyfish
97%
Coral
94%
Hermit Crab
94%
Ladybug
91%
Snail
91%
Tarantula
91%
Leech
88%
Locust
88%
Wasp
84%
Moth
81%
Millipede
78%
Cuttlefish
72%
Daddy Longlegs
72%
Mussel
63%
Sea Cucumber
53%
No matching quizzes found
Score Distribution
Percent of People with Each Score
Percentile by Number Answered
Your Score History
You have not taken this quiz since the last reset